000
00299nam a2200121Ia 4500
008
190216s9999||||xx |||||||||||||| ||und||
100
_a
Thomas H Martinson
245
0
_a
Gmat Cat
260
_b
W R Goyal Publishers & Distributors
_c
1998
300
_a
547p
650
_a
Commerce
942
_c
REF
999
_c
36359
_d
36359